|
|
|
|
| LEADER |
00000Cam#a22000005a#4500 |
| 003 |
AR-RoUNA |
| 005 |
20230627090851.0 |
| 008 |
140529||||||||||||||||| |||| 0|||| d |
| 020 |
|
|
|a 950-553-031-5
|
| 040 |
|
|
|a AR-RoUNA
|b spa
|
| 041 |
|
|
|a spa
|
| 044 |
|
|
|a ag
|
| 100 |
1 |
|
|a Quadri, Nestor Pedro
|9 6881
|
| 245 |
|
|
|a Manual de cálculo de :
|b aire acondicionado y calefacción /
|c Néstor Pedro Quadri
|
| 260 |
|
|
|a Buenos Aires :
|b Alsina,
|c 1987
|
| 300 |
|
|
|a 335 p. :
|b gráficos
|b tablas
|
| 653 |
|
|
|a Calculos
|
| 653 |
|
|
|a Aire Acondicionado
|
| 653 |
|
|
|a Calefaccion
|
| 908 |
|
|
|a Imp
|
| 930 |
|
|
|e 5039
|
| 942 |
|
|
|2 udc
|
| 945 |
|
|
|d 2023-06-27
|
| 980 |
|
|
|8 5
|g María Machado
|
| 999 |
|
|
|c 3437
|d 3437
|